00272nam a2200097Ia 4500008004000000082001600040100002900056245004500085260003600130300000800166210210b1997 xxu||||| |||| 00| 0 eng d aS891.5 TRIK aTRIPATHI (Radhavallabh). aKautilya's arthasastra and modern world. aDelhibPratibha prakashanc1997 a180